000 00986nam a22003017a 4500
005 20240530110410.0
008 150215s2007 ua o a 000 0 ara d
017 _a2006/22782
_bمصر . دار الكتب المصرية
020 _a9771437860
040 _aEG-CaGPL
041 0 _aara
082 0 4 _221
_a932
_bط/ز ا
100 0 _aزاهى حواس
245 1 0 _aاثار و اسرار /
_cزاهى حواس
250 _aط1
260 _aالقاهرة :
_bنهضة مصر للطباعة و النشر و التوزيع ،
_c2007
300 _a2 جزء :
_bصور ؛
_c24 سم
650 0 4 _aالمتحف المصرى
650 0 4 _aالحضارة الفرعونية
650 0 4 _aمصر القديمة
650 0 4 _aحتشبسوت
650 0 4 _aالاثار الفرعونية
650 0 4 _aمصر القديمة
_xتاريخ
650 0 4 _aالفيوم
_xاثار
650 0 4 _aالقصير
942 _2ddc
_cBK
999 _c60448
_d60448